A gift of nature Kailash Mansarover / (Record no. 41916)

MARC details
000 -LEADER
fixed length control field 00702nam a22002057a 4500
005 - DATE AND TIME OF LATEST TRANSACTION
control field 20100814142910.0
010 ## - LCCN (DPL NO)
LC control number ENG-100299
020 ## - INTERNATIONAL STANDARD BOOK NUMBER
International Standard Book Number 9788128824548
Terms of availability 250.00
035 ## - SYSTEM CONTROL NUMBER
System control number EN-83831
037 ## - SOURCE OF ACQUISITION
Source of stock number/acquisition DBAD/PUB
082 ## - DEWEY DECIMAL CLASSIFICATION NUMBER
Classification number 230
100 ## - MAIN ENTRY--PERSONAL NAME
Personal name Adwait, Kapil
245 ## - TITLE STATEMENT
Title A gift of nature Kailash Mansarover /
Statement of responsibility, etc by Kapil Adwait
260 ## - PUBLICATION, DISTRIBUTION, ETC. (IMPRINT)
Place of publication, distribution, etc New Delhi
Name of publisher, distributor, etc Diamond Pocket Books
Date of publication, distribution, etc 2010
270 ## - ADDRESS
Address X-30 Okhla Industrial Area Phase-II
City New Delhi
Postal code 110020
300 ## - PHYSICAL DESCRIPTION
Extent 118p
Dimensions 24cm(pbk)
500 ## - GENERAL NOTE
General note includes bibliographical references
942 ## - ADDED ENTRY ELEMENTS (KOHA)
Source of classification or shelving scheme Dewey Decimal Classification
Item type English Books
Classification part 230
Call number suffix ADW
Holdings
Withdrawn status Lost status Not for loan Collection code Home library Current library Date acquired Source of acquisition Cost, normal purchase price Full call number Barcode Copy number Cost, replacement price Koha item type
    Not For Loan Non-fiction D.B.Act.Division D.B.Act.Division 14/08/2010 DBAD/PUB 250.00 230 ADW EN-83831 1 250.00 English Books

© Delhi Public Library
Hit Counter
free hit counter